000 00856nam a2200253 a 4500
001 BRCA_3545
005 20190320204328.0
008 300709s1962----mx-#---###---#000-0#spa-#
041 _aspa
044 _amx
050 4 _aHG2714
_b.G47 1962
100 1 _aGertz Manero, Alejandro
_99194
245 1 0 _aEl reporto (vox portentosa) y otros aspectos de la compra-venta de títulos de crédito
_cAlejandro Gertz Manero.
260 _aMéxico
_bEscuela Libre de Derecho de México
_c1962
300 _a83 p.
_c24 cm.
500 _aTesis Licenciatura (Licenciado en derecho) Escuela Libre de Derecho de México
500 _aTesis inventariada por Banco de México como libro
500 _aB213
650 1 4 _aReporto
_99195
650 1 4 _aCrédito
_yMéxico
_99196
710 2 _aEscuela Libre de Derecho de México
_99197
902 _aGFM
942 _2lcc
_cB
999 _c3280
_d3280